000 00323nam a22001217a 4500
008 160421b xxu||||| |||| 00| 0 eng d
020 _a9780721605203
020 _a0721605206
041 _aeng
080 _a618.2
245 _aCritical care nursing :
_cDeborah G. Klein ; Mary Lou Sole; Marthe J. Moseley;
942 _2udc
_cBK
999 _c1477
_d1477